Score 0/14 Timer 03:00
0 Plays Today
Country % Correct
Oman
78.5%
United Kingdom
75.4%
Ireland
75.1%
Iceland
73.2%
Iran
71.7%
Iraq
71.4%
Afghanistan
66%
Country % Correct
Azerbaijan
65.6%
Egypt
65.2%
Uzbekistan
64.8%
Israel
59.8%
Ecuador
59%
United Arab Emirates
56.4%
El Salvador
46.3%
Remove Ads.
Support Sporcle.
Get the best of Sporcle when you Go Orange. This ad-free experience offers more features, more stats, and more fun while also helping to support Sporcle. Thank you for becoming a member.

You're not logged in!

Compare scores with friends on all Sporcle quizzes.
OR
Log In

Show Comments

Extras

Top Quizzes Today


Score Distribution

Your Account Isn't Verified!

In order to create a playlist on Sporcle, you need to verify the email address you used during registration. Go to your Sporcle Settings to finish the process.

Report this User

Report this user for behavior that violates our Community Guidelines.

Details: